00397nam a2200157Ia 4500003000400000008004100004040001600045082001300061100001700074245003500091260004000126300001000166490002600176650001500202650002200217GCL140319s9999 xx 000 0 eng d aGCL / cGCL04a843bG C1 aGALET, HENRI10aCONTER L'OUBI / cGALET, HENRI a[S.N] : bBERNARD GRASSET ، c1992 a224 P aLES CAHIERS ROUGESv004aLITERATURE04aFRENCH LITERATURE